| 000 | 00550nam a2200145Ia 4500 | ||
|---|---|---|---|
| 008 | 140724s9999 xx 000 0 und d | ||
| 050 |
_aBF 698.4 _b.G118 2014 |
||
| 100 | _aGabriel, Ma Anita S. | ||
| 245 |
_aLevels of personality types and procrastination of BS Psychologyology students of Southville International School and Colleges / _cMa. Anita S. Gabriel. |
||
| 260 |
_aLas PiƱas, Philippines : _bSouthville International School and Colleges, _cc2014. |
||
| 300 |
_a104 p. : _c28 cm. |
||
| 521 | _aPsychology | ||
| 942 | _cTH | ||
| 999 |
_c229300 _d229300 |
||